000 00698nam a22002291 4500
001 34877
003 BD-RjUL
005 20211209052226.0
008 140519r19701966nyua b 00110 eng d
035 _a(BD-RjUL)34971
040 _aDLC
_beng
_cDLC
_dBD-RjUL
041 _aeng
082 0 0 _a300.18
_bPHS 1970
100 1 _aPhillips, Bernard S.
_9100888
245 1 0 _aSocial research; strategy and tactics /
_cby Bernard S. Phillips.
260 _aNew York :
_bMacmillan,
_c1966 [reprinted 1970].
300 _axii, 336 p. :
_bill. ;
_c24 cm.
504 _aIncludes bibliographical references and index.
650 0 _aSocial sciences
_xResearch.
_9106171
942 _2ddc
_cBK
999 _c34877
_d34877